Statistics for Capital Cities by River

Click here to take the quiz!

General Stats

  • This quiz has been taken 28 times
  • The average score is 14 of 19

Answer Stats

RiverAnswerCountry% Correct
DanubeBudapestHungary
100%
ThamesLondonUnited Kingdom
100%
SeineParisFrance
100%
DanubeViennaAustria
96%
PotomacWashington, D.C.United States
96%
MoskvaMoscowRussia
92%
VltavaPragueCzech Republic
92%
CongoKinshasaRepublic of the Congo
88%
TiberRomeItaly
88%
ParaguayAsuncionParaguay
85%
DanubeBratislavaSlovakia
85%
CongoBrazzavilleDemocratic Republic of the Congo
85%
NigerNiameyNiger
73%
DanubeBelgradeSerbia
69%
NigerBamakoMali
62%
TaedongPyongyangNorth Korea
50%
CiliwungJakartaIndonesia
23%
UbangiBanguiCentral African Republic
19%
MtkvariTbilisiGeorgia
12%

Score Distribution

Percentile by Number Answered

Percent of People with Each Score

Your Score History

You have not taken this quiz